000 01004nam a2200325 4500
003 DO-SdBPM
005 20250606114914.0
008 921106s2005 a sp | |||| ||spa d
017 _a
_b
020 _a8420449792
035 _a
040 _aDO-SdBPM
_bspa
_cBPMSU
082 4 _aI833.91
_bS697p 2005
_222
100 1 _aSommer-Bodenburg, Angela
_d1948-
240 1 4 _aDer kleine Vampir
245 1 3 _aEl pequeño vampiro /
_cÁngela Sommer-Bodenburg ; ilustraciones Amelie Glienke
_h
250 _a47a. ed.
260 _aMadrid :
_bAlfaguara,
_bSantillana,
_c2005.
300 _a192 p.:
_bil.;
_c21 cm
440 _6R
490 0 _aRororo Rotfuchs
500 _aIncluye datos biográficos de la autora.
521 _aDesde los 10 años.
590 _aInventariado, 2025/VM
650 4 _aCuentos infantiles alemanes
650 4 _aVampiros
_vCuentos infantiles
700 1 _aGlienke, Amelie
_eilustraciones
910 _aVMateo V. Control de calidad. BPMSU
942 _2ddc
_cBK
999 _c12761
_d12761